000 00637nam a22002177a 4500
005 20130408151437.0
010 _aENG-104907
020 _a9788180549076
_c400.00
020 _a8180549070
_c400.00
035 _aEN-88440
037 _bDBAD / PUB
082 _a338.954
100 _aAdhikary, M.
245 _aEconomic environment of business :
_btheory and the Indian case /
_cby M. Adhikary
250 _a13th rev. ed.
260 _aNew Delhi
_bSultan Chand
_c2012
270 _a23, Darya Ganj,
_bNew Delhi
_e110 002
300 _axii, 856p.
_c24cm(pbk )
942 _adpl
_cEN
_2ddc
_h338.954
_mADH
999 _c64481
_d64481